Loading...
| History - American | 0 | 5 | 0 | 0 | 50 | 83 | 109.00 | 0 | 0 | 6.85 | 13.75 |
| Science - Chemistry | 0 | 4 | 0 | 0 | 40 | 55 | 82.75 | 0 | 1 | 9.29 | 24.01 |
| Science - Other | 0 | 6 | 4 | 2 | 40 | 41 | 94.00 | 1 | 1 | 10.65 | 25.41 |
| History - Other | 0 | 3 | 1 | 0 | 25 | 53 | 86.67 | 0 | 2 | 9.25 | 17.37 |
| Science - Physics | 0 | 4 | 3 | 0 | 25 | 4 | 65.25 | 1 | 2 | 15.58 | 25.06 |
| History - World | 0 | 2 | 0 | 1 | 20 | 33 | 79.00 | 0 | 1 | 6.80 | 9.09 |
| Current Events | 0 | 2 | 0 | 0 | 20 | 52 | 69.00 | 0 | 0 | 29.24 | 32.69 |
| Science - Biology | 0 | 2 | 1 | 1 | 15 | 71 | 89.50 | 0 | 1 | 3.11 | 11.13 |
| History - European | 0 | 1 | 0 | 0 | 10 | 66 | 66.00 | 1 | 1 | 4.21 | 8.39 |
| Social Science | 0 | 1 | 1 | 0 | 5 | 44 | 44.00 | 1 | 1 | 5.42 | 7.69 |
| Literature - World | 0 | 1 | 1 | 0 | 5 | 135 | 135.00 | 0 | 0 | 0.20 | 1.40 |
| Literature - European | 0 | 0 | 0 | 0 | 0 | 0.00 | 0 | 0 | 0.00 | 0.00 | |
| Geography | 0 | 0 | 2 | 0 | -10 | 0.00 | 0 | 0 | 0.00 | 0.00 |